| 000 | 00917nam a2200241 u 4500 | ||
|---|---|---|---|
| 005 | 20221117063451.0 | ||
| 008 | 190624s2007 mx r 000 0 spa d | ||
| 020 | _a9789707773875 | ||
| 035 | _aUPN01000231505 | ||
| 049 | _aI | ||
| 050 | 4 |
_aQC495.5 _bG7.5 |
|
| 100 | 1 |
_aGros, Marie-Hélène, _d1969- _943034 |
|
| 245 | 1 | 0 |
_aMis 7 colores preferidos / _cMarie-Hélene Gros ; il. Eric Gasté. |
| 260 |
_aMéxico : _bOcéano : _bTravesía, _c2007. |
||
| 300 |
_a7 v. _bprincipalmente il. col. |
||
| 440 | 0 | _aMi pequeña biblioteca | |
| 505 | 8 |
_aContenido: _g[v.1.] _tEl amarillo -- _g[v.2.] _tEl azul -- _g[v.3.] _tEl marrón -- _g[v.4.] _tEl negro -- _g[v.5.] _tEl rojo -- _g[v.6.] _tEl rosa -- _g[v.7.] _tEl verde |
|
| 534 |
_pTítulo original: _tMes 7 couleurs préférées |
||
| 650 | 2 |
_aColores _vLiteratura infantil _921262 |
|
| 650 | 7 |
_aLibros ilustrados para niños _2 _921365 |
|
| 905 | _aInfantil | ||
| 999 |
_c203600 _d203600 |
||